000 00522cam a2200217ua 4500
020 _c2.75
041 _aeng
_h
082 _a425
_bALL/LI
100 _aAllen, Stannard W .
245 _aLiving English structure /
_cStannard W Allen.
_hTextual Documents
250 _a4 /
_b.
260 _aLondon :
_bLongman Green and Co ,
_c1966.
300 _a349 ; .
365 _a2.75
504 _a
942 _cBK
999 _c11436
_d11436